ბათუმის შოთა რუსთაველის სახელმწიფო უნივერსიტეტის ბიბლიოთეკა

Sabiston textbook of surgery : (ბიბ.ჩანაწერი № 53658)

000 -LEADER
fixed length control field 01530nam a2200337Ia 4500
001 - CONTROL NUMBER
control field 20705
003 - CONTROL NUMBER IDENTIFIER
control field GE_BSU
005 - DATE AND TIME OF LATEST TRANSACTION
control field 20210306013241.0
008 - FIXED-LENGTH DATA ELEMENTS--GENERAL INFORMATION
fixed length control field 181216s2017||||xx |||||||||||||| ||eng||
020 ## - INTERNATIONAL STANDARD BOOK NUMBER
International Standard Book Number 9780323299879
040 ## - CATALOGING SOURCE
Transcribing agency GE_BSU
041 ## - LANGUAGE CODE
Language code of text/sound track or separate title eng.
080 ## - UNIVERSAL DECIMAL CLASSIFICATION NUMBER
Universal Decimal Classification number 617.55-089
245 ## - TITLE STATEMENT
Title Sabiston textbook of surgery :
Remainder of title the biological basis of modern surgical practic /
Statement of responsibility, etc. Jr Courtney M. Townsend, R. Daniel Beauchamp, B. Mark Evers, Kenneth L.Mattox ; Edited by Jr Courtney M. Townsend.
250 ## - EDITION STATEMENT
Edition statement 20th edition
264 ## - PRODUCTION, PUBLICATION, DISTRIBUTION, MANUFACTURE, AND COPYRIGHT NOTICE
Place of production, publication, distribution, manufacture Philadelphia :
Name of producer, publisher, distributor, manufacturer Elsevier,
Date of production, publication, distribution, manufacture, or copyright notice 2017.
300 ## - PHYSICAL DESCRIPTION
Extent 2146 p. 29cm.
653 ## - INDEX TERM--UNCONTROLLED
keyword Sabiston textbook of surgery
653 ## - INDEX TERM--UNCONTROLLED
keyword the biological basis of modern surgical practic
653 ## - INDEX TERM--UNCONTROLLED
keyword Сабистонский учебник хирургии
653 ## - INDEX TERM--UNCONTROLLED
keyword биологическая основа современной хирургической практики
653 ## - INDEX TERM--UNCONTROLLED
keyword მედიცინა
653 ## - INDEX TERM--UNCONTROLLED
keyword საბისტონის სამკურნალო სახელმძღვანელო
653 ## - INDEX TERM--UNCONTROLLED
keyword თანამედროვე ქირურგიული პრაქტიკის ბიოლოგიური საფუძველი
700 ## - ADDED ENTRY--PERSONAL NAME
Personal name Townsend, Jr Courtney M.
Relator term By
9 (RLIN) 10360
700 ## - ADDED ENTRY--PERSONAL NAME
Personal name Beauchamp, R. Daniel
Relator term By
9 (RLIN) 10361
700 ## - ADDED ENTRY--PERSONAL NAME
Personal name Evers, B. Mark
Relator term By
9 (RLIN) 10362
700 ## - ADDED ENTRY--PERSONAL NAME
Personal name Mattox, Kenneth L.
Relator term By
9 (RLIN) 10363
942 ## - ADDED ENTRY ELEMENTS (KOHA)
Koha item type წიგნი
Source of classification or shelving scheme
ეგზემპლარები
Withdrawn status Lost status Source of classification or shelving scheme Damaged status Not for loan Permanent Location Current Location Shelving location Date acquired Cost, normal purchase price Full call number Barcode Date last seen Copy number Price effective from Koha item type Public note
          ბათუმის შოთა რუსთაველის სახელმწიფო უნივერსიტეტის მთავარი ბიბლიოთეკა ბათუმის შოთა რუსთაველის სახელმწიფო უნივერსიტეტის მთავარი ბიბლიოთეკა წიგნსაცავი 2018-12-17 421.00 617.55-089 S-11 54008 2018-12-17 54008 2018-12-17 წიგნი 421.00 GEL.
          ბათუმის შოთა რუსთაველის სახელმწიფო უნივერსიტეტის მთავარი ბიბლიოთეკა ბათუმის შოთა რუსთაველის სახელმწიფო უნივერსიტეტის მთავარი ბიბლიოთეკა წიგნსაცავი 2018-12-17 421.00 617.55-089 S-11 54009 2018-12-17 54009 2018-12-17 წიგნი 421.00 GEL.
          ბათუმის შოთა რუსთაველის სახელმწიფო უნივერსიტეტის მთავარი ბიბლიოთეკა ბათუმის შოთა რუსთაველის სახელმწიფო უნივერსიტეტის მთავარი ბიბლიოთეკა წიგნსაცავი 2018-12-17 421.00 617.55-089 S-11 54010 2018-12-17 54010 2018-12-17 წიგნი 421.00 GEL.